Nfl Receiving yards leaders by year - Statistics

General Stats
  • This quiz has been taken 70 times
  • The average score is 14 of 25
Answer Stats
Hint Answer % Correct
2024 Chase
92%
2023 Hill
90%
2022 Jefferson
90%
2021 Kupp
82%
2017 Brown
74%
2014 Brown
74%
2012 Johnson
72%
2011 Johnson
72%
2009 Johnson
72%
2008 Johnson
72%
2006 Johnson
72%
2018 Jones
72%
2015 Jones
72%
2019 Thomas
48%
2020 Diggs
44%
2002 Harrison
36%
2005 Smith
34%
2016 Hilton
32%
2007 Wayne
30%
2003 Holt
28%
2000 Holt
28%
2013 Gordon
26%
2010 Lloyd
16%
2004 Muhammad
16%
2001 Boston
14%
No matching quizzes found
Score Distribution
Percent of People with Each Score
Percentile by Number Answered
Your Score History
You have not taken this quiz